| 000 | 00862nam a2200217 a 4500 | ||
|---|---|---|---|
| 001 | 38442 | ||
| 003 | BD-RjUL | ||
| 005 | 20211209052810.0 | ||
| 008 | 151203s1961 ii ||||| |||| 00| 0 ben d | ||
| 035 | _a(BD-RjUL)38547 | ||
| 040 |
_aBD-RjUL _beng _cBD-RjUL _dBD-RjUL |
||
| 041 | _aben | ||
| 082 |
_223 _a891.4414 _bRAB 1961 |
||
| 245 | 0 | 0 |
_aরবীন্দ্রনাথ / _cসম্পাদক দেবীপদ ভট্টাচার্য |
| 260 |
_aকলিকাতা : _bইষ্টলাইট বুক হাউস, _c১৯৬১ |
||
| 300 |
_a৩৩৫ পৃ. ; _c২১ সেমি. |
||
| 600 |
_aঠাকুর, রবীন্দ্রনাথ, _d১৮৬১-১৯৪১ _9157197 |
||
| 600 |
_aTagore, Rabindranath, _d1861-1941 _9157198 |
||
| 700 |
_aভট্টাচার্য, দেবীপদ _9118722 |
||
| 942 |
_2ddc _cBK _02 |
||
| 999 |
_c38442 _d38442 |
||